জর্জ বার্নাড শ / (Record no. 26395)

MARC details
000 -LEADER
fixed length control field 00909nam a22002177a 4500
003 - CONTROL NUMBER IDENTIFIER
control field BDDh-ASL
005 - DATE AND TIME OF LATEST TRANSACTION
control field 20231016062614.0
008 - FIXED-LENGTH DATA ELEMENTS--GENERAL INFORMATION
fixed length control field 201114s1959 b ||||| |||| 00| 0 b d
040 ## - CATALOGING SOURCE
Original cataloging agency BDDh-ASL
Transcribing agency BDDh-ASL
041 ## - LANGUAGE CODE
Language code of text/sound track or separate title ben
082 ## - DEWEY DECIMAL CLASSIFICATION NUMBER
Classification number 928.99162
Item number MUJ
100 1# - MAIN ENTRY--PERSONAL NAME
9 (RLIN) 4864
Personal name মুখোপাধ্যায়, ভবানী
245 10 - TITLE STATEMENT
Title জর্জ বার্নাড শ /
246 ## - VARYING FORM OF TITLE
Title proper/short title Jarj Barnad Shaw /
260 ## - PUBLICATION, DISTRIBUTION, ETC.
Place of publication, distribution, etc. কলিকাতা:
Name of publisher, distributor, etc. বেঙ্গল পাবলিশার্স প্রাইভেট লিমিটেড,
Date of publication, distribution, etc. ১৯৫৯।
300 ## - PHYSICAL DESCRIPTION
Extent ৩৮৪ পৃষ্ঠা, :
Dimensions ২২ সে. মি.
504 ## - BIBLIOGRAPHY, ETC. NOTE
Bibliography, etc. note গ্রন্থপঞ্জি সংযুক্ত ।
600 10 - SUBJECT ADDED ENTRY--PERSONAL NAME
9 (RLIN) 4865
Personal name শ, জর্জ বার্নাড
650 #0 - SUBJECT ADDED ENTRY--TOPICAL TERM
Topical term or geographic name entry element biographical dictionary - চরিতাভিধান
General subdivision সাহিত্য
9 (RLIN) 4665
942 ## - ADDED ENTRY ELEMENTS (KOHA)
Source of classification or shelving scheme Dewey Decimal Classification
Koha item type Books
Holdings
Withdrawn status Lost status Source of classification or shelving scheme Damaged status Not for loan Collection code Home library Current library Shelving location Date acquired Source of acquisition Total Checkouts Full call number Barcode Date last seen Copy number Price effective from Koha item type Public note
    Dewey Decimal Classification     Non-fiction Asiatic Society Library Asiatic Society Library General Stacks 10/08/2021 Donated by Prof. (Dr.) M. Abdul Qayyum & Dr. Razia Sultana   928.99162 MUJ 112413 10/08/2021 C-1 10/08/2021 Books RARE

Powered by Koha